Fr. Conceicao Rodrigues College of Engineering

APPLIED SCIENCE (CHEMISTRY) (Record no. 36029)

MARC details
000 -LEADER
fixed length control field 00376nam a22001457a 4500
003 - CONTROL NUMBER IDENTIFIER
control field OSt
005 - DATE AND TIME OF LATEST TRANSACTION
control field 20240119103553.0
008 - FIXED-LENGTH DATA ELEMENTS--GENERAL INFORMATION
fixed length control field 240119b |||||||| |||| 00| 0 eng d
020 ## - INTERNATIONAL STANDARD BOOK NUMBER
International Standard Book Number 9789355854834
040 ## - CATALOGING SOURCE
Transcribing agency
082 ## - DEWEY DECIMAL CLASSIFICATION NUMBER
Edition number I
Classification number 371.2/KHA/GOK
245 ## - TITLE STATEMENT
Title APPLIED SCIENCE (CHEMISTRY)
Statement of responsibility, etc. KHAMKAR KASHMIRI
Medium ENGLISH
260 ## - PUBLICATION, DISTRIBUTION, ETC.
Place of publication, distribution, etc. PUNE
Name of publisher, distributor, etc. TECHNICAL PUBL.
Date of publication, distribution, etc. 2024
942 ## - ADDED ENTRY ELEMENTS (KOHA)
Source of classification or shelving scheme Dewey Decimal Classification
Koha item type BOOK
Suppress in OPAC No
Holdings
Withdrawn status Lost status Source of classification or shelving scheme Damaged status Not for loan Collection Home library Current library Shelving location Date acquired Source of acquisition Total Checkouts Full call number Barcode Date last seen Price effective from Koha item type
    Dewey Decimal Classification     Chemistry AGNEL TECHNICAL COLLEGE LIBRARY AGNEL TECHNICAL COLLEGE LIBRARY 55 24/01/2024 COMPLIMENTARY   371.2/KHA/GOK AFT8331 19/01/2024 19/01/2024 BOOK